000 00337nam a2200133Ia 4500
008 240624s9999 xx 000 0 und d
041 _aeng
082 _a658.575 DEN
100 _aDENKER FLORIAN
245 _aCRUCIAL ROLE OF DOMAIN KNOWLEDGE IN EVAL
260 _c2018
_bSpringer
300 _axxi, 249 p. ; 23 cm.
365 _cERU
_b30
999 _c31365
_d31365